| 000 | 00500nam a2200181Ia 4500 | ||
|---|---|---|---|
| 008 | 220216s9999 xx 000 0 und d | ||
| 100 | _aKabir M F | ||
| 245 | 0 | _aEquivalent circuit modeling of the dielectric properties of rubber wood at low frequency | |
| 260 |
_bWood and Fiber Science _c2000 |
||
| 300 | _a450-457 | ||
| 500 | _aCAB CD 2001 | ||
| 650 | _aMoisture content | ||
| 650 | _aWood properties | ||
| 700 | _aDaud W M | ||
| 700 | _aKhalid K B | ||
| 700 | _aSidek H A A | ||
| 942 | _cBO | ||
| 999 |
_c47883 _d47883 |
||